000 00569nam a2200217Ia 4500
003 OSt
005 20230616151239.0
008 210423s2013 xx 000 0 und d
020 _a81-8283-119-9
040 _cAL
041 _aeng
082 _a363.7 SHAE
_223
100 _aSHARMA (B K).
_9111620
245 _aEnvironmental chemistry.
260 _aNew Delhi
_bKrishna Prakashan Media (P) Ltd
_c2013
300 _axvi,404,24
_bPB
365 _b695
_cINR
650 _aEnvironmental Problems
_9111621
906 _achemistry. ; Environmental
942 _2ddc
_cBK
999 _c165326
_d165326